000 00803nam a2200193Ia 4500
008 151121s9999||||xx |||||||||||||| ||und||
082 _a814/भागव
082 _bHNW-10511
100 _aभागवत अच्युत केशव--संपा।
245 _aटागोर- साहित्य:कला: विचार
260 _b"डायमंड बुक स्टॉल, सांगली"
260 _c--
300 _a229
600 _aभागवत अच्युत केशव--संपा।
630 _aटागोर- साहित्य:कला: विचार
700 _aभागवत अच्युत केशव--संपा।
730 _aटागोर- साहित्य:कला: विचार
942 _cBOOK
999 _c1215658
_d1215655